<?xml version="1.0" encoding="UTF-8"?>
<record
    xmlns:xsi="http://www.w3.org/2001/XMLSchema-instance"
    xsi:schemaLocation="http://www.loc.gov/MARC21/slim http://www.loc.gov/standards/marcxml/schema/MARC21slim.xsd"
    xmlns="http://www.loc.gov/MARC21/slim">

  <leader>00859nam a22002537a 4500</leader>
  <controlfield tag="005">20170123162348.0</controlfield>
  <datafield tag="010" ind1=" " ind2=" ">
    <subfield code="a">B-100317</subfield>
  </datafield>
  <datafield tag="020" ind1=" " ind2=" ">
    <subfield code="c">200.00</subfield>
    <subfield code="a">818573898</subfield>
  </datafield>
  <datafield tag="035" ind1=" " ind2=" ">
    <subfield code="a">B-100317</subfield>
  </datafield>
  <datafield tag="037" ind1=" " ind2=" ">
    <subfield code="b">Cen Lib/Ret</subfield>
  </datafield>
  <datafield tag="040" ind1=" " ind2=" ">
    <subfield code="a">DPL</subfield>
    <subfield code="b">UR</subfield>
  </datafield>
  <datafield tag="082" ind1=" " ind2=" ">
    <subfield code="a">840.92</subfield>
    <subfield code="b">&#x646; &#x642; &#x648; </subfield>
  </datafield>
  <datafield tag="100" ind1=" " ind2=" ">
    <subfield code="a">&#x627;&#x645;&#x627;&#x645; &#x645;&#x631;&#x62A;&#x636;&#x6CC;&#x670; &#x646;&#x642;&#x648;&#x6CC; </subfield>
    <subfield code="9">114169</subfield>
  </datafield>
  <datafield tag="245" ind1=" " ind2=" ">
    <subfield code="a">&#x646;&#x645;&#x648;&#x627;&#x631;&#x627;&#x646; &#x627;&#x62F;&#x628; /</subfield>
    <subfield code="c">&#x627;&#x645;&#x627;&#x645; &#x645;&#x631;&#x62A;&#x636;&#x6CC;&#x670; &#x646;&#x642;&#x648;&#x6CC; </subfield>
  </datafield>
  <datafield tag="246" ind1=" " ind2=" ">
    <subfield code="a">Namwaran-e-adab /</subfield>
    <subfield code="b">by Imam Murtaza Naqvi  </subfield>
  </datafield>
  <datafield tag="260" ind1=" " ind2=" ">
    <subfield code="a">&#x62F;&#x6C1;&#x644;&#x6CC; </subfield>
    <subfield code="b">&#x6A9;&#x62A;&#x627;&#x628; &#x648;&#x627;&#x644;&#x627; </subfield>
    <subfield code="c">2004</subfield>
  </datafield>
  <datafield tag="270" ind1=" " ind2=" ">
    <subfield code="a">&#x662;&#x667;&#x669;&#x664;&#x60C; &#x6AF;&#x644;&#x6CC; &#x62C;&#x6BE;&#x648;&#x679; &#x648;&#x644;&#x6CC;&#x60C; &#x67E;&#x6C1;&#x627;&#x691;&#x6CC; &#x628;&#x6BE;&#x648;&#x62C;&#x644;&#x6C1; </subfield>
    <subfield code="b">&#x62F;&#x6C1;&#x644;&#x6CC; </subfield>
    <subfield code="e">110006</subfield>
  </datafield>
  <datafield tag="300" ind1=" " ind2=" ">
    <subfield code="a">168p.</subfield>
    <subfield code="c">21cm(Hb)</subfield>
  </datafield>
  <datafield tag="650" ind1=" " ind2=" ">
    <subfield code="a">&#x627;&#x62F;&#x628; -- &#x627;&#x631;&#x62F;&#x648; </subfield>
    <subfield code="9">135068</subfield>
  </datafield>
  <datafield tag="650" ind1=" " ind2=" ">
    <subfield code="a">&#x627;&#x631;&#x62F;&#x648; &#x62A;&#x646;&#x642;&#x6CC;&#x62F; </subfield>
    <subfield code="9">135069</subfield>
  </datafield>
  <datafield tag="650" ind1=" " ind2=" ">
    <subfield code="a">Literature -- Urdu</subfield>
    <subfield code="9">135070</subfield>
  </datafield>
  <datafield tag="650" ind1=" " ind2=" ">
    <subfield code="a">Urdu criticism</subfield>
    <subfield code="9">135071</subfield>
  </datafield>
  <datafield tag="942" ind1=" " ind2=" ">
    <subfield code="2">ddc</subfield>
    <subfield code="c">UR</subfield>
    <subfield code="h">840.92</subfield>
    <subfield code="m">&#x646; &#x642; &#x648; </subfield>
  </datafield>
  <datafield tag="999" ind1=" " ind2=" ">
    <subfield code="c">109072</subfield>
    <subfield code="d">109072</subfield>
  </datafield>
  <datafield tag="952" ind1=" " ind2=" ">
    <subfield code="0">0</subfield>
    <subfield code="1">0</subfield>
    <subfield code="4">0</subfield>
    <subfield code="7">0</subfield>
    <subfield code="a">L</subfield>
    <subfield code="b">L</subfield>
    <subfield code="d">2016-02-19</subfield>
    <subfield code="e">Cen Lib/Ret</subfield>
    <subfield code="g">200.00</subfield>
    <subfield code="l">0</subfield>
    <subfield code="o">840.92 &#x646; &#x642; &#x648;</subfield>
    <subfield code="p">B-100317</subfield>
    <subfield code="r">2016-02-19 00:00:00</subfield>
    <subfield code="t">1</subfield>
    <subfield code="v">200.00</subfield>
    <subfield code="w">2016-02-19</subfield>
    <subfield code="y">UR</subfield>
  </datafield>
</record>
